Statistiken für Alle Städte an der Isar

Klicken Sie hier um das Quiz zu spielen!

Allgemein

  • Dieses Quiz wurde 44 mal gespielt
  • Das Durchschnittsergebnis liegt bei 6 aus 12

Antwortstatistiken

EinwohnerStadt% Korrekt
1.488.202München
100%
73.065Landshut
76%
48.872Freising
73%
19.141Bad Tölz
62%
33.750Deggendorf
54%
19.091Wolfratshausen
51%
20.003Dingolfing
46%
18.893Moosburg an der Isar
43%
17.192Garching bei München
35%
13.698Landau an der Isar
35%
25.380Geretsried
32%
12.948Plattling
30%

Verteilung der Resultate

Perzentil nach korrekt beantworteten Fragen

Anzahl Personen mit jedem Resultat

Ihre Resultats-Entwicklung

Sie haben dieses Quiz noch nicht gespielt